000 00966nam a2200289 i 4500
001 000046861
003 DO-SdBNP
005 20250321073607.0
007 ta
008 180403s2015 dr ab 000 0 spa d
020 _a9789945896701
040 _aDO-SdBNP
_bspa
_cBNPHU
_erda
082 4 _bC957u
_222
100 1 _aCruz, Luis F.,
_918202
_eautor
245 1 3 _aEl uso de la lengua latina /
_cLuis F. Cruz ; prólogo, Rafael Peralta Romero.
264 _aConclusiones
_bGeneratio Nova,
_c2015.
300 _a341 páginas :
_bilustraciones, mapas ;
_c20 cm.
336 _2rdacontent
_atexto
_btxt
337 _2rdamedia
_asin mediación
_bn
338 _2rdacarrier
_avolumen
_bnc
490 _aObras humanísticas
500 _aIncluye datos biográficos del autor en la solapa de la contracubierta
504 _aBibliografía : p. 337-339
590 _aInventariado, 2018 /LP
700 1 _aPeralta Romero, Rafael,
_d1948-
_eprólogo
_979774
942 _2ddc
_cLBS1
999 _c46350
_d46350